| 000 | 00777nam0a22002651 4500 | ||
|---|---|---|---|
| 001 | v19\rc\1687184 | ||
| 005 | 20250619022520.0 | ||
| 035 | _a(NLR Aleph) 004791825 | ||
| 090 |
_a4737277 _c4737277 |
||
| 100 | _a20061002d1896 |||y0rusy50 ca | ||
| 101 | 0 | _arus | |
| 102 | _aRU | ||
| 105 | _ay z ||||| | ||
| 200 | 1 |
_aЗначение металлизации в малярном деле _f[Соч.] И.С. Оссовецкого |
|
| 210 |
_aМосква _d1896 |
||
| 700 | 1 |
_aОссовецкий _bИ.С. _gИван Станиславович |
|
| 801 | 0 |
_aRU _bNLR _gpsbo |
|
| 801 | 0 |
_aRU _bRuMoRGB _2psbo |
|
| 801 | 1 |
_aRU _bProSoft-M _2rusmarc |
|
| 852 |
_aNLR _j20.97.6.9 |
||
| 899 |
_aRuMoRGB _jM 36/452 |
||
| 899 | _aБАН | ||
| 942 | _cBOOK | ||
| 980 | _aNB | ||